[Event "Winnipeg TNT February op"]
[Site "Winnipeg"]
[Date "2016.02.09"]
[Round "2.4"]
[White "Le Dorze, Philippe"]
[Black "Letain, Cory"]
[Result "1/2-1/2"]
[WhiteElo "1849"]
[BlackElo "1583"]
[PlyCount "60"]
[EventDate "2016.02.02"]
[EventType "swiss"]
[EventRounds "4"]
[EventCountry "CAN"]
[SourceTitle "EXT 2022"]
[Source "ChessBase"]
[SourceDate "2021.10.06"]
[SourceVersion "1"]
[SourceVersionDate "2021.10.06"]
[SourceQuality "1"]

1. d4 Nf6 2. c4 c5 3. Nf3 cxd4 4. Nxd4 Nc6 5. g3 e6 6. a3 a5 7. Bg2 Bc5 8. e3 0-0 9. 0-0 d5 10. Nc3 Bxd4 11. exd4 dxc4 12. Nb5 Qb6 13. a4 Nb4 14. Be3 Nfd5 15. Be4 Nxe3 16. fxe3 e5 17. Qh5 f5 18. Qf3 exd4 19. Nxd4 f4 20. gxf4 Nd3 21. Bd5+ Kh8 22. Bxc4 Nxf4 23. Kh1 Bd7 24. Bb5 Bxb5 25. axb5 Ng6 26. Qd5 Rxf1+ 27. Rxf1 Rf8 28. Rxf8+ Nxf8 29. Qf7 Qf6 30. Qxf6 gxf6 1/2-1/2

[Event "Winnipeg op"]
[Site "Winnipeg"]
[Date "2015.07.21"]
[Round "8"]
[White "Remillard, John"]
[Black "Le Dorze, Philippe"]
[Result "0-1"]
[WhiteElo "1549"]
[BlackElo "1785"]
[PlyCount "64"]
[EventDate "2015.06.02"]
[EventType "swiss"]
[EventRounds "9"]
[EventCountry "CAN"]
[SourceTitle "EXT 2019"]
[Source "ChessBase"]
[SourceDate "2018.10.10"]
[SourceVersion "1"]
[SourceVersionDate "2018.10.10"]
[SourceQuality "1"]

1. c4 Nf6 2. Nf3 e6 3. b3 d5 4. cxd5 exd5 5. Bb2 Bd6 6. e3 0-0 7. Be2 Nc6 8. Na3 Re8 9. Nc2 Bf5 10. Nfd4 Nxd4 11. Nxd4 Bg6 12. Rc1 Ne4 13. 0-0 Be5 14. f4 Bd6 15. Nb5 f6 16. Nc3 c6 17. f5 Bf7 18. Nxe4 Rxe4 19. Bf3 Re7 20. Bh5 Qa5 21. Bxf7+ Kxf7 22. a4 Bb4 23. Bc3 Rae8 24. Rf4 Bxc3 25. Qh5+ Kg8 26. Rh4 g5 27. fxg6 d4 28. gxh7+ Kh8 29. Qg6 Bxd2 30. Qxf6+ Rg7 31. Rf1 Bxe3+ 32. Kh1 Qd8 0-1

[Event "Winnipeg TNT May op"]
[Site "Winnipeg"]
[Date "2014.05.13"]
[Round "2"]
[White "Le Dorze, Philippe"]
[Black "Rutter, Blair A"]
[Result "0-1"]
[WhiteElo "1814"]
[BlackElo "1929"]
[PlyCount "76"]
[EventDate "2014.05.06"]
[EventType "swiss"]
[EventRounds "4"]
[EventCountry "CAN"]
[SourceTitle "EXT 2022"]
[Source "ChessBase"]
[SourceDate "2021.10.06"]
[SourceVersion "1"]
[SourceVersionDate "2021.10.06"]
[SourceQuality "1"]

1. c4 c6 2. d4 e6 3. Nf3 d5 4. Nc3 dxc4 5. e4 b5 6. Bf4 Nf6 7. g3 Qa5 8. Nd2 Nbd7 9. Bg2 Bb7 10. 0-0 Bb4 11. d5 e5 12. dxc6 Bxc6 13. Be3 Bxc3 14. bxc3 Qxc3 15. Qe2 0-0 16. Rfc1 Qa5 17. a4 bxa4 18. Nxc4 Qa6 19. Qc2 Rac8 20. Bf1 Bb5 21. Qa2 Nxe4 22. Nd2 Rxc1 23. Rxc1 Nxd2 24. Qxd2 Nf6 25. Bg2 e4 26. Rc7 Bd3 27. Rxa7 Qb5 28. Qa2 Bc4 29. Qa1 Bb3 30. Bd4 Rd8 31. Qc3 h6 32. Bf1 Qf5 33. Ra5 Qf3 34. Bxf6 gxf6 35. Rc5 Rd1 36. Qe3 Kg7 37. h4 Qxe3 38. fxe3 Rb1 0-1

[Event "Winnipeg TNT September"]
[Site "Winnipeg"]
[Date "2011.09.06"]
[Round "1"]
[White "Boron, Anthony"]
[Black "Le Dorze, Philippe"]
[Result "1-0"]
[WhiteElo "2000"]
[BlackElo "1627"]
[PlyCount "47"]
[EventDate "2011.09.06"]
[EventType "swiss"]
[EventRounds "4"]
[EventCountry "CAN"]
[SourceTitle "EXT 2023"]
[Source "ChessBase"]
[SourceDate "2022.10.05"]
[SourceVersion "1"]
[SourceVersionDate "2022.10.05"]
[SourceQuality "1"]

1. e4 d6 2. d4 Nf6 3. Nc3 g6 4. Be3 Bg7 5. Qd2 Ng4 6. Bg5 0-0 7. h3 Nf6 8. 0-0-0 Nbd7 9. e5 Ne8 10. Nf3 c6 11. Ne4 d5 12. Ng3 f6 13. Bh6 fxe5 14. Bxg7 Nxg7 15. dxe5 Nc5 16. Qh6 Nce6 17. Bd3 Qb6 18. Rhf1 Bd7 19. h4 Rxf3 20. gxf3 Rf8 21. h5 Nf4 22. hxg6 Nxd3+ 23. Rxd3 hxg6 24. Qxg6 1-0